000
00182nam a22000977a 4500
041
_a
eng
080
_a
80
100
_a
Milliken, Linda
245
_a
Classroom Kickoff.
999
_c
280231
_d
280231
942
_c
BK